Eladó egy város! avagy kultúra helyett cirkusz

Podrobná bibliografia
Hlavní autori: Fodor, Mónika (Author), Nagyvendégi, Éva (Author)
Médium: Článok
Jazyk:Hungarian
Témy:
Zdroj: 1. Új N‹ 1. , č. 6(1999), s. 15-16
LEADER 00896nab#a2200313#ar4500
001 000020175
003 SVKKK
005 00000000000000.0
008 c xo e huno
FMT
038 |a SVKKK 
040 |a SVKKK  |b slo  |e AACR2 
041 0 |a hun 
044 |a xo  |c SK 
080 |a 379.8  |2 1981 
100 1 |a Fodor, Mónika  |4 aut 
242 1 0 |a Mesto na predaj! alebo namiesto kultúry cirkus 
245 1 0 |a Eladó egy város! avagy kultúra helyett cirkusz  |c Fodor Mónika, Nagyvendégi Éva 
650 0 4 |a kultúra miestna bohatá  |z Kráľovský Chlmec 
650 0 4 |a podujatia kultúrne  |x úroveň vysoká  |x problémy finančné  |x reportáže 
700 1 |a Nagyvendégi, Éva  |4 aut 
773 0 |t Új N‹  |g , č. 6(1999), s. 15-16 
957 |a Kráľovský Chlmec 
958 |a TV 
974 |d 990708  |a Fav 
992 |a RBX 
BAS
852 |a SVKKK  |b BIB 
998 |a REG